Real Madryt Czy FC Barcelona - Statystyki

Ogólne statystyki
  • Ten quiz został rozwiązany 2 319 razy
  • Średni wynik to 12 z 15
Statystyki odpowiedzi
Zagadnienie Odpowiedź % Poprawnych
Posiada 15 lig mistrzów Real Madryt
98%
Ma przydomek Królewscy Real Madryt
98%
Znajduje się w Katalonii FC Barcelona
97%
Gra na Estadio Santiago Bernabéu Real Madryt
97%
Trenerem jest Hansi Flick FC Barcelona
95%
Ma więcej Hiszpanów w kadrze FC Barcelona
93%
Ma więcej Francuzów w kadrze Real Madryt
93%
Jego Prezesem jest Florentino Pérez Real Madryt
92%
Grał w tym klubie Luis Figo Oba
89%
Nigdy nie spadł z La Liga Oba
77%
Został założony w XIX wieku FC Barcelona
71%
Grał w nim Polak Obu
71%
Ma więcej zdobytych pucharów króla FC Barcelona
68%
Ma większy stadion FC Barcelona
49%
Wygrał Laligę w ostatnim sezonie Real Madryt
43%
Nie znaleziono quizów pasujących do podanych kryteriów
Rozkład punktacji
Procent ludzi z każdym wynikiem
Percentyl według liczby udzielonych odpowiedzi
Twoja historia wyników
Nie rozwiązałeś tego quizu